Introduction to linear programming / (Record no. 7797)

MARC details
000 -LEADER
fixed length control field 01168cam a22002894a 4500
001 - CONTROL NUMBER
control field 12879394
003 - CONTROL NUMBER IDENTIFIER
control field OSt
005 - DATE AND TIME OF LATEST TRANSACTION
control field 20220304155749.0
008 - FIXED-LENGTH DATA ELEMENTS--GENERAL INFORMATION
fixed length control field 020801s2003 njua b 001 0 eng
010 ## - LIBRARY OF CONGRESS CONTROL NUMBER
LC control number 2002070164
020 ## - INTERNATIONAL STANDARD BOOK NUMBER
International Standard Book Number 0130359173
040 ## - CATALOGING SOURCE
Original cataloging agency DLC
Transcribing agency DDC
Modifying agency DLC
042 ## - AUTHENTICATION CODE
Authentication code pcc
050 00 - LIBRARY OF CONGRESS CALL NUMBER
Classification number T57.74
Item number .V365 2003
082 00 - DEWEY DECIMAL CLASSIFICATION NUMBER
Classification number 519.72.VAS.2003
100 1# - MAIN ENTRY--PERSONAL NAME
Personal name Vaserstein, Leonid Nison.
9 (RLIN) 15886
245 10 - TITLE STATEMENT
Title Introduction to linear programming /
Statement of responsibility, etc. Leonid Nison Vaserstein in collaboration with Christopher Cattelier Byrne.
260 ## - PUBLICATION, DISTRIBUTION, ETC. (IMPRINT)
Place of publication, distribution, etc. Upper Saddle River, N.J. :
Name of publisher, distributor, etc. Pearson Education,
Date of publication, distribution, etc. c2003.
300 ## - PHYSICAL DESCRIPTION
Extent ix, 321 p. :
Other physical details ill. ;
Dimensions 24 cm.
504 ## - BIBLIOGRAPHY, ETC. NOTE
Bibliography, etc Includes bibliographical references (p. 301-304) and index.
650 #0 - SUBJECT ADDED ENTRY--TOPICAL TERM
Topical term or geographic name as entry element Linear programming.
9 (RLIN) 2549
700 1# - ADDED ENTRY--PERSONAL NAME
Personal name Byrne, Christopher Cattelier,
Dates associated with a name 1960-
9 (RLIN) 15887
856 41 - ELECTRONIC LOCATION AND ACCESS
Materials specified Table of contents
Uniform Resource Identifier http://www.loc.gov/catdir/toc/fy036/2002070164.html
906 ## - LOCAL DATA ELEMENT F, LDF (RLIN)
a 7
b cbc
c orignew
d 1
e ocip
f 20
g y-gencatlg
942 ## - ADDED ENTRY ELEMENTS (KOHA)
Source of classification or shelving scheme Dewey Decimal Classification
Koha item type Open Shelf
Holdings
Withdrawn status Lost status Source of classification or shelving scheme Damaged status Not for loan Home library Current library Date acquired Source of acquisition Inventory number Total Checkouts Full call number Barcode Date last seen Koha item type
    Dewey Decimal Classification     MUST Main Library MUST Main Library 04/03/2022 Purchase 08/31005   519.72.VAS.2003 2022-0418 04/03/2022 Open Shelf
    Dewey Decimal Classification     MUST Main Library MUST Main Library 04/03/2022 Purchase 05/24614   519.72.VAS.2003 2022-0419 04/03/2022 Open Shelf
    Dewey Decimal Classification     MUST Main Library MUST Main Library 04/03/2022 Purchase 05/24613   519.72.VAS.2003 2022-0420 04/03/2022 Open Shelf
    Dewey Decimal Classification     MUST Main Library MUST Main Library 04/03/2022 Purchase 08/31009   519.72.VAS.2003 2022-0421 04/03/2022 Open Shelf
    Dewey Decimal Classification     MUST Main Library MUST Main Library 04/03/2022 Purchase 04/22936   519.72.VAS.2003 2022-0422 04/03/2022 Open Shelf